00490nam a2200157 a 4500008004100000050001600041100002000057245011400077260005300191300000900244350000900253650001200262650002000274700001600294700002200310120416s1900 ||||||||||||||||| || u aHD 7287 Cal aSnyder, Peter Z10aSocio-cultural modifications and user needs in Navajo housingcEdward K. Sadalla; Peter Z. Snyder; David Stea aCaliforniabUniversity of California Pressc19-- a31p. a0.00 aHOUSING aHOUSING--NAVAJO aStea, David aSadalla, Edward K